Kraje Zaczynające się Na -Ma - Statystyki

Ogólne statystyki
  • Ten quiz został rozwiązany 367 razy
    352 od ostatniego zresetowania
  • Średni wynik to 6 z 10
Statystyki odpowiedzi
Kraj % Poprawnych
Malezja
66%
Macedonia
64%
Malta
61%
Madagaskar
60%
Mauretania
60%
Mali
59%
Maroko
57%
Malediwy
50%
Mauritius
46%
Malawi
44%
Nie znaleziono quizów pasujących do podanych kryteriów
Rozkład punktacji
Procent ludzi z każdym wynikiem
Percentyl według liczby udzielonych odpowiedzi
Twoja historia wyników
Nie rozwiązałeś tego quizu od ostatniego zresetowania